000 nam a22 4500
999 _c29413
_d29413
008 171205b xxu||||| |||| 00| 0 eng d
020 _a9966463690
050 _aPL 8704 .M3W3 2008
100 _aWallah Bin Wallah
245 _aMalenga wa ziwa kuu :
_bmaswali na istilahi za kifasihi /
_cWallah Bin Wallah
260 _aNairobi :
_bEast African Educational Publishers.,
_c2008
300 _axxxi, 171p. ;
_c21 cm.
650 _aSwahili poetry.
942 _2lcc
_cAFRICANA
_hPL 8704 .M3W3 2008